[Event "Cacoal Easter op"]
[Site "Cacoal"]
[Date "2022.04.16"]
[Round "3"]
[White "De Souza, Alex Aecio"]
[Black "Rocha, Jean Henrique da Cr"]
[Result "1-0"]
[WhiteElo "1686"]
[BlackElo "1314"]
[PlyCount "74"]
[EventDate "2022.04.15"]
[EventType "swiss"]
[EventRounds "6"]
[EventCountry "BRA"]
[SourceTitle "CBM 207 Extra"]
[Source "ChessBase"]
[SourceDate "2022.05.31"]
[SourceVersion "1"]
[SourceVersionDate "2022.05.31"]
[SourceQuality "1"]

1. c4 e6 2. g3 Nf6 3. Bg2 c5 4. Nf3 Be7 5. Nc3 Nc6 6. 0-0 0-0 7. d4 d5 8. cxd5 Nxd5 9. Nxd5 exd5 10. dxc5 Bxc5 11. a3 d4 12. b4 Bb6 13. Bb2 Bg4 14. Qd3 Bxf3 15. Qxf3 Qe7 16. Rad1 Rfd8 17. Qg4 Rd6 18. b5 Ne5 19. Qe4 Rad8 20. Qxb7 Qxb7 21. Bxb7 Nc4 22. Bc1 Re6 23. a4 Rxe2 24. Rfe1 d3 25. Kg2 Rxe1 26. Rxe1 d2 27. Bxd2 Nxd2 28. Re7 Kf8 29. Re2 Nc4 30. Bc6 g6 31. h3 Rd2 32. Rxd2 Nxd2 33. f4 Nc4 34. Be4 f5 35. Bd3 Ne3+ 36. Kf3 Ke7 37. h4 Nd5 1-0

[Event "Cacoal Easter op"]
[Site "Cacoal"]
[Date "2022.04.15"]
[Round "1"]
[White "De Souza, Alex Aecio"]
[Black "De Oliveira, Gabriel Lemes"]
[Result "1-0"]
[WhiteElo "1686"]
[BlackElo "1764"]
[PlyCount "71"]
[EventDate "2022.04.15"]
[EventType "swiss"]
[EventRounds "6"]
[EventCountry "BRA"]
[SourceTitle "CBM 207 Extra"]
[Source "ChessBase"]
[SourceDate "2022.05.31"]
[SourceVersion "1"]
[SourceVersionDate "2022.05.31"]
[SourceQuality "1"]

1. c4 Nf6 2. g3 g6 3. Bg2 Bg7 4. Nc3 d6 5. e4 Nbd7 6. Nge2 c5 7. d3 0-0 8. 0-0 Re8 9. h3 e5 10. Be3 Qb6 11. Qd2 Nf8 12. Rab1 Ne6 13. b4 Qc7 14. Rfc1 Rb8 15. Nb5 Qb6 16. bxc5 dxc5 17. f4 Bh6 18. fxe5 Bxe3+ 19. Qxe3 Nd7 20. Nd6 Qd8 21. Nxe8 Qxe8 22. Nf4 Nxe5 23. Nd5 Kg7 24. Rf1 Qd8 25. Rb2 b6 26. Rbf2 Rb7 27. Qd2 Bd7 28. Qc3 Nd4 29. Kh1 Be6 30. Rf4 Qd6 31. Qd2 b5 32. Nf6 Qd8 33. cxb5 Rxb5 34. Nxh7 Qh8 35. Rh4 Kg8 36. Nf6+ 1-0